Name the Avengers - Statistics

General Stats
  • This quiz has been taken 685 times
    655 since last reset
  • The average score is 13 of 16
Answer Stats
Hint Movie Count Answer % Correct
The Cool 6 Iron Man
99%
The Strong 3 Hulk
98%
The Mighty 4 Thor
98%
The Old 5 Captain America
97%
The Agile 4 Black Widow
94%
The Accurate 3 Hawkeye
94%
The Tiny or Hugh 2 Ant Man
91%
Witch Craft 2 Scarlet Witch
90%
The Amazing 1 Spider Man
90%
The Fast 1 Quick Silver
87%
The Flying 2 Falcon
83%
The Boss 6 Nick Fury
77%
The Cool Guys Friend 4 War Machine
72%
Tele_________ 2 Vision
69%
The Animal 1 Black Panther
65%
The Cold 2 Winter Solider
8%
No matching quizzes found
Score Distribution
Percent of People with Each Score
Percentile by Number Answered
Your Score History
You have not taken this quiz since the last reset